Principles of econometric : an introducing (using R) (Record no. 14929)

MARC details
000 -LEADER
fixed length control field 00512 am a2200193 a 4500
001 - CONTROL NUMBER
control field 152092
003 - CONTROL NUMBER IDENTIFIER
control field OSt
005 - DATE AND TIME OF LATEST TRANSACTION
control field 20211224161331.0
008 - FIXED-LENGTH DATA ELEMENTS--GENERAL INFORMATION
fixed length control field 51214 ###
020 ## - INTERNATIONAL STANDARD BOOK NUMBER
International Standard Book Number 9788132104698
082 ## - DEWEY DECIMAL CLASSIFICATION NUMBER
Classification number 330.015195
Item number H28P
100 1# - MAIN ENTRY--PERSONAL NAME
Personal name Hatekar, Neeraj R.
245 1# - TITLE STATEMENT
Title Principles of econometric : an introducing (using R)
Statement of responsibility, etc by Neeraj R. Hatekar
260 ## - PUBLICATION, DISTRIBUTION, ETC. (IMPRINT)
Place of publication, distribution, etc New Delhi
Name of publisher, distributor, etc Sage Publication
Date of publication, distribution, etc 2014
300 ## - PHYSICAL DESCRIPTION
Extent 438p.
653 ## - INDEX TERM--UNCONTROLLED
Uncontrolled term Economics
653 ## - INDEX TERM--UNCONTROLLED
Uncontrolled term Econometrics
942 ## - ADDED ENTRY ELEMENTS (KOHA)
Source of classification or shelving scheme Dewey Decimal Classification
Koha item type Books
Holdings
Withdrawn status Lost status Source of classification or shelving scheme Damaged status Not for loan Collection code Home library Current library Date acquired Source of acquisition Full call number Barcode Date last seen Price effective from Koha item type
    Dewey Decimal Classification     General Text Book Central University Of Rajasthan Central University Of Rajasthan 09/12/2015 ECO 330.015195 H28P 25208 21/11/2024 02/09/2020 Books